| 000 -LEADER |
| fixed length control field |
00751nam a22002177a 4500 |
| 005 - DATE AND TIME OF LATEST TRANSACTION |
| control field |
20240403170741.0 |
| 008 - FIXED-LENGTH DATA ELEMENTS--GENERAL INFORMATION |
| fixed length control field |
240403s2007 enk||||| |||| 00| 0 eng d |
| 020 ## - INTERNATIONAL STANDARD BOOK NUMBER |
| International Standard Book Number |
9780443100857x |
| 041 ## - LANGUAGE CODE |
| Language code of text/sound track or separate title |
eng |
| 080 ## - UNIVERSAL DECIMAL CLASSIFICATION NUMBER |
| Universal Decimal Classification number |
616-089.5 T-42 |
| 245 ## - TITLE STATEMENT |
| Title |
Textbook of Anaesthesia / |
| Statement of responsibility, etc. |
Alan.R Aitkenhead; Graham Smith; David.J Rowbotham. |
| 250 ## - EDITION STATEMENT |
| Edition statement |
Fifth edition |
| 264 ## - PRODUCTION, PUBLICATION, DISTRIBUTION, MANUFACTURE, AND COPYRIGHT NOTICE |
| Place of production, publication, distribution, manufacture |
Edinburgh, |
| Name of producer, publisher, distributor, manufacturer |
Elsevier, |
| Date of production, publication, distribution, manufacture, or copyright notice |
2007. |
| 300 ## - PHYSICAL DESCRIPTION |
| Extent |
858 p.: |
| Other physical details |
ill.; |
| Dimensions |
24 cm. |
| 653 ## - INDEX TERM--UNCONTROLLED |
| keyword |
ანესთეზია |
| 653 ## - INDEX TERM--UNCONTROLLED |
| keyword |
მედიცინა |
| 700 ## - ADDED ENTRY--PERSONAL NAME |
| Personal name |
Aitkenhead, Alan.R. |
| Relator term |
რედაქტორი |
| 9 (RLIN) |
21702 |
| 700 ## - ADDED ENTRY--PERSONAL NAME |
| Personal name |
Smith, Graham |
| Relator term |
რედაქტორი |
| 9 (RLIN) |
21703 |
| 700 ## - ADDED ENTRY--PERSONAL NAME |
| Personal name |
Rowbotham, David.J. |
| Relator term |
რედაქტორი |
| 9 (RLIN) |
21704 |
| 942 ## - ADDED ENTRY ELEMENTS (KOHA) |
| Source of classification or shelving scheme |
|
| Koha item type |
წიგნი |